U.S And Canadian Metro Systems By The Busiest Station - Statistics

General Stats
  • This quiz has been taken 64 times
  • The average score is 5 of 13
Answer Stats
City/System Name Station % Correct
LA Metro* Union Station
70%
New York MTA Times Square/Port Authority
61%
Washington Metro Metro Center
50%
Newark PATH* World Trade Center
46%
Atlanta MARTA Five Points
41%
Miami Metrorail Government Center
35%
Vancouver Sky Train Waterfront
35%
Montreal Metro Berri-UQAM
33%
SF-Oakland BART Embarcadero
33%
Toronto TTC Bloor-Yonge
31%
Philadelphia Subway 30th Street Station
20%
Boston Subway Harvard
15%
Chicago L' 95/Dan Ryan
6%
No matching quizzes found
Score Distribution
Percent of People with Each Score
Percentile by Number Answered
Your Score History
You have not taken this quiz